Catalog

Record Details

Catalog Search



Člověk a vesmír  Cover Image Book Book

Člověk a vesmír / Oliver Lodge ; Přeložil J. A. Theurer

Lodge, Oliver (Author). Theurer, J. A. (Added Author).

Record details

  • Physical Description: 347 s.
  • Publisher: Praha Jan Laichter 1934

Available copies

  • 1 of 1 copy available at Common Catalog SPOK.

Holds

  • 0 current holds with 1 total copy.
Show All Copies
Location Call Number / Copy Notes Barcode Shelving Location Status Due Date
ETS Library 261.55 424470005480 Volný výběr Available -

LDR 00642nam a2 00241
00141922
003CZ-PrJAB
00520031008000000.0
008031008s1934 xr e |||| |cze
009cz
035 . ‡a(CONS)1720
035 . ‡aKPS5224
041 . ‡acze
08214. ‡a261.55
100 . ‡73311 ‡aLodge, Oliver
245 . ‡aČlověk a vesmír / ‡cOliver Lodge ; Přeložil J. A. Theurer
260 . ‡aPraha ‡bJan Laichter ‡c1934
300 . ‡a347 s.
490 . ‡aOtázky a názory
653 . ‡aČlověk a vesmír
700 . ‡73312 ‡aTheurer, J. A.
8524 . ‡bETS ‡bETS ‡cVolný výběr ‡j261.55 ‡gA ‡p424470005480
910 . ‡aABG450
999 . ‡a1720 ‡bAUTOGEN ‡c1720 ‡tbiblio
905 . ‡uadmin
901 . ‡a41922 ‡b ‡c41922 ‡tbiblio ‡sets

Additional Resources